书目信息 |
| 题名: |
细胞生物学
|
|
| 作者: | 沈大棱 , 吴超群 主编 | |
| 分册: | ||
| 出版信息: | 上海 复旦大学出版社 2006.04 |
|
| 页数: | 381页 | |
| 开本: | 21cm | |
| 丛书名: | ||
| 单 册: | ||
| 中图分类: | Q2 | |
| 科图分类: | ||
| 主题词: | 细胞生物学--xi bao sheng wu xue--双语教学--教材 | |
| 电子资源: | ||
| ISBN: | 7-309-04903-9 | |
| 000 | 00774nam0 2200229 450 | |
| 001 | 012006022216 | |
| 005 | 20060626093809.62 | |
| 010 | @a7-309-04903-9@dCNY45.00 | |
| 100 | @a20060518d2006 km y0chiy0120 ea | |
| 101 | 0 | @achi@aeng |
| 102 | @aCN@b310000 | |
| 105 | @ay z 000yy | |
| 200 | 1 | @a细胞生物学@Axi bao sheng wu xue@f沈大棱, 吴超群主编@Fshen da leng,wu chao qun zhu bian |
| 210 | @a上海@c复旦大学出版社@d2006.04 | |
| 215 | @a381页@d21cm | |
| 330 | @a本书内容包括质膜、膜与穿膜运输、细胞内分区与膜泡运输、线粒体和叶绿体、细胞骨架等内容。 | |
| 606 | 0 | @a细胞生物学@Axi bao sheng wu xue@x双语教学@j教材 |
| 690 | @aQ2@v4 | |
| 701 | 0 | @a沈大棱@Ashen da leng@4主编 |
| 701 | 0 | @a吴超群@Awu chao qun@4主编 |
| 801 | 0 | @aCN@bQSSK@c20060626 |
| 905 | @a10447@dQ2@eS383 | |
| 细胞生物学/沈大棱, 吴超群主编.-上海:复旦大学出版社,2006.04 |
| 381页;21cm |
| ISBN 7-309-04903-9:CNY45.00 |
| 本书内容包括质膜、膜与穿膜运输、细胞内分区与膜泡运输、线粒体和叶绿体、细胞骨架等内容。 |
| ● |
| 相关链接 |
|
|
|
正题名:细胞生物学
索取号:Q2/S383
 
预约/预借
| 序号 | 登录号 | 条形码 | 馆藏地/架位号 | 状态 | 备注 |
| 1 | 580987 | 205809874 | 自科库401/401自科库 26排3列3层/ [索取号:Q2/S383] | 在馆 | |
| 2 | 580988 | 205809883 | 自科库401/401自科库 26排3列3层/ [索取号:Q2/S383] | 在馆 | |
| 3 | 580989 | 205809892 | 自科库401/401自科库 26排3列3层/ [索取号:Q2/S383] | 在馆 |